000
00336nam a2200145Ia 4500
005
20250423094252.0
008
250422s9999 xx 000 0 und d
020
_a
0-582-34828-5
100
_a
Parker, E. W.
245
2
_a
A pageant of longer poems
260
_b
Longman Group Ltd
260
_c
1956
300
_a
307 p
942
_c
BK
999
_c
26758
_d
26758